[Event "Cairo Al Ain op"]
[Site "Cairo"]
[Date "2023.11.29"]
[Round "5"]
[White "Ibrahim, Ammar"]
[Black "Nofal, Mohamed"]
[Result "0-1"]
[WhiteElo "1650"]
[BlackElo "1935"]
[PlyCount "74"]
[EventDate "2023.11.27"]
[EventType "swiss"]
[EventRounds "10"]
[EventCountry "EGY"]
[SourceTitle "CB49_2023"]
[SourceDate "2023.12.06"]
[SourceVersion "1"]
[SourceVersionDate "2023.12.06"]
[SourceQuality "1"]

1. e4 c6 2. d4 d5 3. exd5 cxd5 4. Nf3 Nc6 5. Bd3 Bg4 6. c3 e6 7. Bf4 Bd6 8. Bg3 Nge7 9. Nbd2 Nf5 10. Bxd6 Nxd6 11. Qc2 Bf5 12. 0-0 0-0 13. Ne5 Rc8 14. Nxc6 Rxc6 15. Rfe1 b5 16. a3 Bxd3 17. Qxd3 Nc4 18. Rab1 Nxd2 19. Qxd2 a5 20. Re3 Qg5 21. Rbe1 Rb8 22. f4 Qxf4 23. Rxe6 Rxe6 24. Qxf4 Rxe1+ 25. Kf2 Rbe8 26. h3 R1e2+ 27. Kg3 Rxb2 28. Qc7 a4 29. Qc6 Re3+ 30. Kh4 g5+ 31. Kh5 Rxg2 32. h4 gxh4 33. Qxd5 h3 34. Kh4 Kg7 35. Kh5 Rg6 36. Qh1 h2 37. c4 Rh3# 0-1